[Event "Ct. Lleida indiv. Absolut B"]
[Site "?"]
[Date "2011.10.16"]
[Round "3.2"]
[White "Sole Castañe, J."]
[Black "Font Garcia, X."]
[Result "0-1"]
[WhiteElo "1659"]
[BlackElo "1745"]
[PlyCount "38"]
[EventDate "2011.??.??"]
[EventType "swiss"]

1. d4 Nf6 2. c4 e5 3. dxe5 Ng4 4. e4 Nxe5 5. Nf3 Nbc6 6. Nxe5 Nxe5 7. Nc3 Bb4
8. Qb3 Qe7 9. a3 Ba5 10. Qc2 c6 11. Be2 O-O 12. Be3 d6 13. b4 Bb6 14. Bxb6 axb6
15. O-O Qg5 16. Qc1 Qg6 17. Qe3 Be6 18. Rfd1 Bxc4 19. Qd4 Bxe2 0-1

[Event "Ct. Lleida indiv. Absolut B"]
[Site "?"]
[Date "2011.10.16"]
[Round "3.4"]
[White "Anaya Ibars, G."]
[Black "Orrit Sole, G."]
[Result "0-1"]
[WhiteElo "1483"]
[BlackElo "1722"]
[PlyCount "31"]
[EventDate "2011.??.??"]
[EventType "swiss"]

1. c4 c5 2. g3 Nf6 3. Bg2 e6 4. Nc3 d5 5. cxd5 exd5 6. e3 Nc6 7. Nge2 d4 8.
exd4 cxd4 9. Ne4 Bf5 10. Nxf6+ Qxf6 11. O-O Bc5 12. Re1 O-O 13. Nf4 Rfe8 14.
Nd5 Qd6 15. Rxe8+ Rxe8 16. d3 {irreproduible} 0-1

[Event "Ct. Lleida indiv. Absolut B"]
[Site "?"]
[Date "2011.10.23"]
[Round "4.7"]
[White "Borras Burgues, J."]
[Black "Semionovich, Z."]
[Result "0-1"]
[WhiteElo "1411"]
[BlackElo "1755"]
[PlyCount "45"]
[EventDate "2011.??.??"]
[EventType "swiss"]

1. e4 d5 2. exd5 Qxd5 3. b3 Qe5+ 4. Be2 Qxa1 5. Nc3 e6 6. Nf3 Bb4 7. O-O Bxc3
8. dxc3 Qxc3 9. Ng5 h6 10. Nxf7 Kxf7 11. Bh5+ g6 12. Qg4 Qf6 13. Bb2 gxh5 14.
Qxh5+ Qg6 15. Qf3+ Nf6 16. Rd1 Nc6 17. a3 Rd8 18. a4 Rxd1+ 19. Qxd1 b6 20. h3
Bb7 21. Qf3 Na5 22. Qg3 Qxg3 23. fxg3 0-1

[Event "Ct. Lleida indiv. Absolut B"]
[Site "?"]
[Date "2011.11.01"]
[Round "5.1"]
[White "Orrit Sole, G."]
[Black "Font Garcia, X."]
[Result "1/2-1/2"]
[WhiteElo "1722"]
[BlackElo "1745"]
[PlyCount "106"]
[EventDate "2011.??.??"]
[EventType "swiss"]

1. Nf3 d5 2. g3 c5 3. Bg2 Nc6 4. O-O Nf6 5. d3 e5 6. Nc3 Be7 7. e4 d4 8. Ne2 b5
9. Ne1 O-O 10. f4 exf4 11. gxf4 Bg4 12. h3 Bh5 13. Nf3 a5 14. Ng3 Ra6 15. e5
Bxf3 16. Qxf3 Nd7 17. a3 a4 18. Nf5 c4 19. Qg3 g6 20. dxc4 bxc4 21. Bxc6 Rxc6
22. Nxd4 Rb6 23. c3 Nc5 24. Rb1 Nd3 25. Rd1 Bxa3 26. Rxd3 cxd3 27. Qxd3 Bc5 28.
Be3 Qb8 29. Qc2 a3 30. b4 Bxd4 31. Bxd4 Ra6 32. Ra1 Rc8 33. Bc5 Qb7 34. Qg2 Qd7
35. Bd4 Qe6 36. Ra2 Qf5 37. Qf1 Rca8 38. Kh2 h5 39. Qf2 g5 40. fxg5 Qxf2+ 41.
Bxf2 Kg7 42. Kg3 Kg6 43. Kf4 Rc8 44. Bd4 Rb8 45. h4 Rb5 46. Bc5 Rxc5 47. bxc5
Ra4+ 48. Kg3 Kf5 49. c6 Ke6 50. Rd2 a2 51. c7 Rc4 52. Rxa2 Rxc7 53. Re2 Rxc3+
1/2-1/2

[Event "Ct. Lleida indiv. Absolut B"]
[Site "?"]
[Date "2011.11.01"]
[Round "5.2"]
[White "Semionovich, Z."]
[Black "Fortuny Profitos, J."]
[Result "1-0"]
[WhiteElo "1755"]
[BlackElo "1740"]
[PlyCount "89"]
[EventDate "2011.??.??"]
[EventType "swiss"]

1. e4 e5 2. Nf3 Nf6 3. d3 Nc6 4. Bg5 Bc5 5. h3 h6 6. Bh4 O-O 7. Be2 d6 8. O-O
Be6 9. Nc3 Re8 10. Na4 Bb6 11. Nxb6 axb6 12. a3 d5 13. Nd2 Nd4 14. f4 Qd6 15.
f5 Bd7 16. Bxf6 Qxf6 17. exd5 Nxf5 18. Ne4 Qe7 19. Qd2 Ra5 20. c4 Nd4 21. Qd1
f5 22. Nc3 Qc5 23. Kh1 f4 24. b4 Qe7 25. bxa5 Qh4 26. Bg4 Bf5 27. Bxf5 Nxf5 28.
Ne4 Ne3 29. Qe1 Qxe1 30. Rfxe1 Nc2 31. axb6 cxb6 32. Rec1 Nxa1 33. Rxa1 Ra8 34.
Nd6 g5 35. Nxb7 Ra7 36. Nd6 h5 37. Nb5 Rf7 38. Nd6 Rf6 39. Ne4 Rf5 40. d6 Kf7
41. Rb1 g4 42. Rxb6 f3 43. Rb7+ Ke8 44. gxf3 Rxf3 45. hxg4 1-0

[Event "Ct. Lleida indiv. Absolut B"]
[Site "?"]
[Date "2011.11.01"]
[Round "5.8"]
[White "Herreros Angrill, J."]
[Black "Sole Monistrol, F."]
[Result "0-1"]
[WhiteElo "1708"]
[BlackElo "1863"]
[PlyCount "100"]
[EventDate "2011.??.??"]
[EventType "swiss"]

1. e4 c5 2. d4 cxd4 3. c3 dxc3 4. Nxc3 d6 5. Nf3 Bg4 6. Bc4 e6 7. O-O Ne7 8.
Bf4 Ng6 9. Bg3 a6 10. Qe2 Be7 11. h3 Bh5 12. Bh2 Bxf3 13. Qxf3 O-O 14. Rfd1 Qc7
15. Bb3 Nc6 16. Rac1 Rad8 17. Ne2 Qb6 18. Qd3 Nce5 19. Qd4 Qxd4 20. Rxd4 Rc8
21. Rdd1 Rxc1 22. Nxc1 Rc8 23. f4 Nc4 24. Nd3 Na5 25. Rc1 Rxc1+ 26. Nxc1 Nxb3
27. Nxb3 b6 28. Nd2 b5 29. Nf3 d5 30. exd5 exd5 31. f5 Nf8 32. Kf1 Nd7 33. Ke2
Bf6 34. b3 Kf8 35. Ne1 Ke7 36. Nd3 a5 37. Nf4 Kd6 38. Ne6+ Kc6 39. Nc7 a4 40.
bxa4 bxa4 41. Ne8 Bb2 42. g4 Nc5 43. Nd6 Ne4 44. Nxf7 Nc3+ 45. Kd3 Nxa2 46.
Ne5+ Kb5 47. Kc2 a3 48. Nf3 Ka4 49. Nd2 Nb4+ 50. Kb1 Bc3 0-1

[Event "Ct. Lleida indiv. Absolut B"]
[Site "?"]
[Date "2011.11.01"]
[Round "5.9"]
[White "Montoliu Daroca, I."]
[Black "Ros Monfa, N."]
[Result "1-0"]
[WhiteElo "1808"]
[BlackElo "1543"]
[PlyCount "79"]
[EventDate "2011.??.??"]
[EventType "swiss"]

1. c4 g6 2. Nc3 Bg7 3. g3 Nf6 4. Bg2 Nc6 5. d4 d6 6. Nf3 O-O 7. O-O Rb8 8. Bg5
a6 9. Qc1 Nh5 10. Bh6 Bg4 11. Bxg7 Nxg7 12. Qf4 Qd7 13. Rad1 Qf5 14. Qh6 Qh5
15. Qxh5 Nxh5 16. Ng5 h6 17. Nge4 e5 18. dxe5 Nxe5 19. h3 Be6 20. b3 f5 21. Nd2
Kg7 22. Kh2 Nf6 23. f4 Nc6 24. Rfe1 Nb4 25. e3 Rfe8 26. Nf1 b5 27. cxb5 axb5
28. Re2 Re7 29. Rd4 Na6 30. e4 b4 31. exf5 gxf5 32. Nd5 Nxd5 33. Bxd5 Kf6 34.
Bg2 Rb6 35. Red2 Nc5 36. Rd1 Bf7 37. Bf3 Ne4 38. g4 Nc3 39. R1d2 Re3 40. Nxe3
1-0

[Event "Ct. Lleida indiv. Absolut B"]
[Site "?"]
[Date "2011.11.06"]
[Round "6.1"]
[White "Font Garcia, X."]
[Black "Fumas Fontova, E."]
[Result "0-1"]
[WhiteElo "1745"]
[BlackElo "1684"]
[PlyCount "122"]
[EventDate "2011.??.??"]
[EventType "swiss"]

1. Nf3 f5 2. d4 g6 3. Bf4 Bg7 4. Nbd2 c5 5. c3 cxd4 6. cxd4 d6 7. e3 Nf6 8. Bc4
Nc6 9. d5 Na5 10. Qa4+ Bd7 11. Bb5 b6 12. Nd4 Bxb5 13. Qxb5+ Qd7 14. Qxd7+ Kxd7
15. Ne6 Bf8 16. Nxf8+ Rhxf8 17. O-O Nxd5 18. Bh6 Rfc8 19. e4 Nb4 20. exf5 gxf5
21. Nf3 Rc2 22. a3 Nd3 23. b4 Nc6 24. b5 Nd8 25. Nd4 Rc5 26. Rad1 Nb2 27. Rb1
Nc4 28. a4 Nf7 29. Bc1 Rd5 30. Nc6 Rg8 31. Nxa7 Ra8 32. Rb4 Nce5 33. Nc6 Nxc6
34. bxc6+ Kxc6 35. Be3 Ra6 36. Rfb1 Rda5 37. Bxb6 Rxa4 38. Rc1+ Kd5 39. Rb5+
Ke6 40. Re1+ Ne5 41. Rbb1 Kf6 42. Red1 Nc4 43. Bd4+ e5 44. Bc3 Ke6 45. g3 d5
46. Re1 d4 47. Bxd4 Nd2 48. Rxe5+ Kd6 49. Rxf5 Nxb1 50. Be3 R4a5 51. Rf7 h5 52.
h4 Na3 53. Rh7 Nc2 54. Bg5 Ra1+ 55. Kh2 Ke5 56. Rxh5 Ke4 57. Be7 Ne1 58. Rb5
Nf3+ 59. Kh3 Nd4 60. Rb4 Kf3 61. Kh2 R6a2 0-1

[Event "Ct. Lleida indiv. Absolut B"]
[Site "?"]
[Date "2011.11.06"]
[Round "6.2"]
[White "Pages Janer, J."]
[Black "Orrit Sole, G."]
[Result "0-1"]
[WhiteElo "1712"]
[BlackElo "1722"]
[PlyCount "100"]
[EventDate "2011.??.??"]
[EventType "swiss"]

1. e4 c5 2. Nf3 e6 3. Nc3 a6 4. a4 Qc7 5. g3 g6 6. d3 Bg7 7. Bd2 Ne7 8. Bg2 O-O
9. O-O Nbc6 10. Qc1 Re8 11. Re1 Rb8 12. Rb1 b5 13. axb5 axb5 14. Ne2 d5 15.
exd5 Nxd5 16. Nf4 Nce7 17. Nxd5 Nxd5 18. Ng5 Bb7 19. Ne4 Red8 20. Bh6 Bh8 21.
h4 c4 22. dxc4 bxc4 23. h5 c3 24. bxc3 Nxc3 25. Nxc3 Bxc3 26. Re2 Bxg2 27. Rxb8
Qxb8 28. Kxg2 Qb5 29. Qa3 Qd5+ 30. f3 Bg7 31. Bxg7 Kxg7 32. Qc3+ Qd4 33. Qxd4+
Rxd4 34. hxg6 hxg6 35. f4 g5 36. Kf3 Kg6 37. Re4 Rd2 38. c4 g4+ 39. Ke3 Rg2 40.
c5 Rxg3+ 41. Kd4 Rg1 42. Ke5 Rc1 43. Kd6 Kf5 44. Re2 g3 45. c6 Kxf4 46. c7 Kf3
47. Re1 Rxc7 48. Kxc7 Kf2 49. Ra1 g2 50. Ra2+ Kg3 0-1

[Event "Ct. Lleida indiv. Absolut B"]
[Site "?"]
[Date "2011.11.06"]
[Round "6.3"]
[White "Aldoma Pubill, R."]
[Black "Ferrer Font, J."]
[Result "1/2-1/2"]
[WhiteElo "1686"]
[BlackElo "1801"]
[PlyCount "40"]
[EventDate "2011.??.??"]
[EventType "swiss"]

1. e4 e5 2. Nf3 Nf6 3. Nc3 Nc6 4. Bc4 Nxe4 5. Nxe4 d5 6. Bd3 dxe4 7. Bxe4 Bd6
8. O-O O-O 9. h3 Be6 10. Re1 Qf6 11. d3 h6 12. b3 Rfe8 13. Bb2 Bd7 14. Qd2 Rab8
15. d4 exd4 16. Nxd4 Be5 17. Nxc6 Bxc6 18. Bxe5 Rxe5 19. Bxc6 Rxe1+ 20. Rxe1
Qxc6 1/2-1/2

[Event "Ct. Lleida indiv. Absolut B"]
[Site "?"]
[Date "2011.11.06"]
[Round "6.4"]
[White "Sole Monistrol, F."]
[Black "Semionovich, Z."]
[Result "0-1"]
[WhiteElo "1863"]
[BlackElo "1755"]
[PlyCount "116"]
[EventDate "2011.??.??"]
[EventType "swiss"]

1. d4 d5 2. Nf3 Nf6 3. c4 e6 4. Nc3 Be7 5. Bg5 h6 6. Bh4 O-O 7. e3 c6 8. Bd3
dxc4 9. Bxc4 Nd5 10. Bxe7 Qxe7 11. Bb3 Qb4 12. Rc1 a5 13. O-O Nd7 14. Ne4 N7f6
15. Nxf6+ Nxf6 16. Ne5 Rd8 17. a3 Qd6 18. Qc2 Nd7 19. Nf3 Qe7 20. Ba2 g6 21.
Bb1 Qf6 22. h4 h5 23. Ng5 Nf8 24. f4 Nh7 25. Qe2 Nxg5 26. hxg5 Qh8 27. Kf2 e5
28. fxe5 Bg4 29. Qe1 Kg7 30. Rh1 Rd7 31. Kg1 Qd8 32. Qf2 Qxg5 33. Rf1 Rf8 34.
Be4 Rdd8 35. g3 f5 36. Bg2 Rd7 37. Bf3 Rdf7 38. Rh2 Re8 39. Bxg4 hxg4 40. Qd2
Rd7 41. Qc3 Rd5 42. Rf4 Qd8 43. Rhf2 Rh8 44. e4 Rxd4 45. e6 Kg8 46. exf5 Rd1+
47. Rf1 Rxf1+ 48. Rxf1 Qd5 49. e7 Rh1+ 50. Kf2 Qxf5+ 51. Ke3 Qe6+ 52. Kd3 Rxf1
53. Qxa5 Qxe7 54. Qa8+ Rf8 55. Qa4 Rf3+ 56. Kc2 Qe2+ 57. Kb1 Rf1+ 58. Ka2 Qe6+
0-1

[Event "Ct. Lleida indiv. Absolut B"]
[Site "?"]
[Date "2011.11.06"]
[Round "6.11"]
[White "Borras Burgues, J."]
[Black "Sole Monistrol, F."]
[Result "0-1"]
[WhiteElo "1411"]
[BlackElo "1863"]
[PlyCount "80"]
[EventDate "2011.??.??"]
[EventType "swiss"]

1. e4 e5 2. Ne2 Nf6 3. Ng3 Nc6 4. d3 Bc5 5. Be3 Bb6 6. Nd2 O-O 7. Bg5 h6 8.
Bxf6 Qxf6 9. Qf3 Qxf3 10. gxf3 Nb4 11. Ke2 Nxc2 12. Rc1 Nd4+ 13. Ke1 Ba5 14.
Rg1 Nxf3+ 15. Kd1 Nxg1 16. Bg2 d6 17. Kc2 Nh3 18. Rf1 Nf4 19. Bf3 Be6 20. Nh5
Nxh5 21. Bxh5 Bxa2 22. b3 Bxd2 23. Kxd2 Bxb3 24. Rb1 Be6 25. Rf1 a5 26. Kc3 a4
27. Kb2 a3+ 28. Ka1 b5 29. f4 exf4 30. Rxf4 b4 31. d4 b3 32. d5 a2 33. Rf2 Bd7
34. Bd1 Rfb8 35. Rb2 Ra3 36. h4 c6 37. h5 cxd5 38. exd5 f5 39. Bf3 Rb4 40. Bd1
Rc4 0-1

[Event "Ct. Lleida indiv. Absolut B"]
[Site "?"]
[Date "2011.11.13"]
[Round "7.1"]
[White "Semionovich, Z."]
[Black "Orrit Sole, G."]
[Result "1/2-1/2"]
[WhiteElo "1755"]
[BlackElo "1722"]
[PlyCount "136"]
[EventDate "2011.??.??"]
[EventType "swiss"]

1. e4 c5 2. Bc4 e6 3. Nf3 a6 4. a3 Qc7 5. d3 b5 6. Ba2 g6 7. O-O Bg7 8. c3 Ne7
9. Bg5 Nbc6 10. Nbd2 O-O 11. Be3 d6 12. Nb3 Bb7 13. Bf4 e5 14. Bg5 h6 15. Be3
Kh7 16. Nbd2 f5 17. Nb1 f4 18. Bc1 g5 19. h3 Bc8 20. Kh2 Ng6 21. Rh1 Bf6 22.
Kg1 Qg7 23. Bd5 Bd7 24. Kf1 Rae8 25. b4 Nce7 26. c4 Nxd5 27. cxd5 g4 28. hxg4
Bxg4 29. Ng5+ Bxg5 30. Qxg4 Ne7 31. Nd2 Rf6 32. Nf3 Rg6 33. Qd7 Rc8 34. Bd2 Bf6
35. Rh2 Rg8 36. Qh3 Bg5 37. Ke2 Nxd5 38. Nxg5+ Rxg5 39. exd5 Rxg2 40. Rxg2 Qxg2
41. Qxg2 Rxg2 42. Kf3 Rg5 43. bxc5 dxc5 44. d6 Rg6 45. Ke4 Rxd6 46. Kxe5 Rxd3
47. Bxf4 Kg6 48. Rg1+ Kf7 49. Rg3 Rxg3 50. Bxg3 b4 51. Kd5 bxa3 52. Be5 h5 53.
Kxc5 Ke6 54. Kd4 a2 55. Ke4 h4 56. Ba1 h3 57. Kf3 Kf5 58. Kg3 Ke4 59. Bg7 a5
60. Bf6 a4 61. Bb2 a3 62. Bg7 Kd3 63. Kxh3 Kc2 64. f4 Kb1 65. f5 a1=Q 66. Bxa1
Kxa1 67. f6 Kb1 68. f7 a2 1/2-1/2

[Event "Ct. Lleida indiv. Absolut B"]
[Site "?"]
[Date "2011.11.13"]
[Round "7.2"]
[White "Fumas Fontova, E."]
[Black "Fortuny Profitos, J."]
[Result "0-1"]
[WhiteElo "1684"]
[BlackElo "1740"]
[PlyCount "28"]
[EventDate "2011.??.??"]
[EventType "swiss"]

1. e4 e5 2. d4 exd4 3. Nf3 Bb4+ 4. Nbd2 Nf6 5. Bd3 Nc6 6. a3 Ba5 7. b4 Bb6 8.
Nb3 a6 9. Bb2 d5 10. Qe2 O-O 11. O-O dxe4 12. Bxe4 Re8 13. Nfd2 Bf5 14. f3 d3+
0-1

[Event "Ct. Lleida indiv. Absolut B"]
[Site "?"]
[Date "2011.11.13"]
[Round "7.3"]
[White "Aloy Piulats, R."]
[Black "Aldoma Pubill, R."]
[Result "1-0"]
[WhiteElo "1801"]
[BlackElo "1686"]
[PlyCount "53"]
[EventDate "2011.??.??"]
[EventType "swiss"]

1. e4 e5 2. Bc4 Nc6 3. a3 Bc5 4. Nf3 Nf6 5. d3 d6 6. Bg5 O-O 7. h3 Be6 8. Nbd2
Kh8 9. Qe2 a6 10. O-O h6 11. Be3 Nd7 12. c3 Qe7 13. Rae1 Bxc4 14. Nxc4 b5 15.
Ncd2 f5 16. d4 exd4 17. Bxd4 Bxd4 18. cxd4 Rad8 19. Qd3 Qf6 20. Qc3 Ndb8 21. e5
Qg6 22. Nh4 Qh5 23. Ndf3 g5 24. exd6 gxh4 25. d5+ Kh7 26. dxc6 cxd6 27. Re7+
1-0

[Event "Ct. Lleida indiv. Absolut B"]
[Site "?"]
[Date "2011.11.13"]
[Round "7.4"]
[White "Ferrer Font, J."]
[Black "Font Garcia, X."]
[Result "1-0"]
[WhiteElo "1801"]
[BlackElo "1745"]
[PlyCount "81"]
[EventDate "2011.??.??"]
[EventType "swiss"]

1. e4 d5 2. exd5 Qxd5 3. Nc3 Qa5 4. d4 Nf6 5. Nf3 Bg4 6. Be2 e6 7. O-O Nbd7 8.
Bd2 c6 9. Ne4 Qc7 10. Ng3 h5 11. Re1 Bd6 12. Bc3 O-O-O 13. Ng5 Rdf8 14. Nf1 Bf4
15. Bd2 Bxg5 16. Bxg5 Qb6 17. Ne3 Bxe2 18. Rxe2 Qxb2 19. Nc4 Qb4 20. Ne5 Nd5
21. a3 Qd6 22. Bd2 Rhg8 23. c4 Nc7 24. Bb4 c5 25. Nxd7 Qxd7 26. Bxc5 Re8 27.
Bxa7 Na6 28. Rb2 g6 29. Rab1 b5 30. cxb5 Qxa7 31. bxa6 Re7 32. Qc2+ Rc7 33. Qe4
Kd7 34. Qd3 Rgc8 35. h3 Ke8 36. Rb7 Qa8 37. Qb5+ Ke7 38. Rb8 Rc1+ 39. Rxc1 Rxb8
40. Rc7+ Kf6 41. Qe5# 1-0

[Event "Ct. Lleida indiv. Absolut B"]
[Site "?"]
[Date "2011.11.27"]
[Round "8.1"]
[White "Orrit Sole, G."]
[Black "Aloy Piulats, R."]
[Result "1-0"]
[WhiteElo "1722"]
[BlackElo "1801"]
[PlyCount "35"]
[EventDate "2011.??.??"]
[EventType "swiss"]

1. Nf3 d5 2. g3 Nc6 3. Bg2 Nf6 4. O-O e5 5. d3 Be7 6. Nbd2 a6 7. Re1 O-O 8. e4
d4 9. Nc4 Bg4 10. h3 Bxf3 11. Qxf3 b5 12. Nd2 Rb8 13. Qe2 Bd6 14. Rf1 Ne7 15.
f4 Ng6 16. Nb3 c5 17. f5 Ne7 18. g4 {irreproduible} 1-0

[Event "Ct. Lleida indiv. Absolut B"]
[Site "?"]
[Date "2011.11.27"]
[Round "8.2"]
[White "Fortuny Profitos, J."]
[Black "Ferrer Font, J."]
[Result "1/2-1/2"]
[WhiteElo "1740"]
[BlackElo "1801"]
[PlyCount "53"]
[EventDate "2011.??.??"]
[EventType "swiss"]

1. Nf3 d5 2. b4 Nf6 3. Bb2 Bf5 4. e3 e6 5. a3 c5 6. b5 Bd6 7. c4 O-O 8. Nc3
Nbd7 9. d3 Ne5 10. Be2 Nxf3+ 11. Bxf3 Bc7 12. O-O Rb8 13. Rc1 Qd6 14. g3 Rfd8
15. Ne2 Nd7 16. Qb3 dxc4 17. dxc4 Ne5 18. Bxe5 Qxe5 19. Rfd1 Be4 20. Bxe4 Qxe4
21. Nf4 Bxf4 22. exf4 b6 23. Qc3 Qe2 24. Re1 Qd3 25. Red1 Qxc3 26. Rxd8+ Rxd8
27. Rxc3 1/2-1/2

[Event "Ct. Lleida indiv. Absolut B"]
[Site "?"]
[Date "2011.11.27"]
[Round "8.3"]
[White "Semionovich, Z."]
[Black "Montoliu Daroca, I."]
[Result "0-1"]
[WhiteElo "1755"]
[BlackElo "1808"]
[PlyCount "130"]
[EventDate "2011.??.??"]
[EventType "swiss"]

1. e4 c5 2. c3 Nc6 3. Bc4 e6 4. d3 a6 5. a3 g6 6. Nf3 Bg7 7. Bg5 Nge7 8. Nbd2
O-O 9. Ba2 h6 10. Bf4 d5 11. O-O b6 12. Re1 Bb7 13. e5 d4 14. Nc4 Nd5 15. Bg3
dxc3 16. bxc3 Nxc3 17. Qc2 Nxa2 18. Rxa2 Ne7 19. Nfd2 Nf5 20. Bf4 Qd5 21. f3
Qd4+ 22. Ne3 Qxf4 23. Nxf5 Qxf5 24. Nc4 Qg5 25. Nxb6 Rad8 26. Nc4 Bxf3 27. Qf2
Bd5 28. Qxc5 Bxc4 29. Qxc4 Bxe5 30. Qxa6 Qf4 31. g3 Bd4+ 32. Kg2 Qd6 33. Qxd6
Rxd6 34. a4 Ra8 35. Rc1 Be3 36. Rc3 Rda6 37. Rc4 e5 38. Kf3 Bd4 39. g4 Rf6+ 40.
Kg3 Kg7 41. h3 Rb6 42. Kf3 Rb1 43. a5 Rd1 44. Ra3 Rf1+ 45. Kg2 Rf2+ 46. Kg3 Rb2
47. Kf3 Rb1 48. Ke4 Rh1 49. Kd5 Rxh3 50. Rc6 Ra7 51. a6 Rg3 52. Rb3 Rxg4 53.
Rb7 Rg3 54. Kc4 Rg1 55. Kd5 Ra1 56. Rcc7 Rxb7 57. axb7 Rb1 58. Kc6 h5 59. Rd7
h4 60. Rd5 h3 61. Rb5 Rxb5 62. Kxb5 Ba7 63. Kc6 h2 64. Kc7 h1=Q 65. b8=Q Bxb8+
0-1

[Event "Ct. Lleida indiv. Absolut B"]
[Site "?"]
[Date "2011.11.27"]
[Round "8.4"]
[White "Fumas Fontova, E."]
[Black "Pages Janer, J."]
[Result "0-1"]
[WhiteElo "1684"]
[BlackElo "1712"]
[PlyCount "52"]
[EventDate "2011.??.??"]
[EventType "swiss"]

1. e4 c5 2. Nf3 d6 3. d4 cxd4 4. Nxd4 Nf6 5. Nc3 a6 6. f3 e5 7. Nb3 Be6 8. Bg5
Be7 9. Bxf6 Bxf6 10. Nd2 O-O 11. Bc4 Nc6 12. Bd5 Rc8 13. Nb3 Qc7 14. Qd2 b5 15.
a3 Nd4 16. Rc1 h6 17. h4 g5 18. Nxd4 exd4 19. Ne2 Bxd5 20. exd5 Rfe8 21. hxg5
hxg5 22. Kf2 Qc5 23. Qd3 Qxd5 24. Rh6 Qe5 25. Qh7+ Kf8 26. Ng3 Qe3+ 0-1

[Event "Ct. Lleida indiv. Absolut B"]
[Site "?"]
[Date "2011.11.27"]
[Round "8.5"]
[White "Font Garcia, X."]
[Black "Cardona Marin, W."]
[Result "0-1"]
[WhiteElo "1745"]
[BlackElo "1876"]
[PlyCount "86"]
[EventDate "2011.??.??"]
[EventType "swiss"]

1. Nf3 d5 2. b3 Nf6 3. Bb2 e6 4. e3 Be7 5. c4 O-O 6. Be2 c5 7. O-O Nc6 8. d4 a6
9. Nbd2 Nd7 10. e4 dxe4 11. Nxe4 cxd4 12. Nxd4 Nxd4 13. Qxd4 e5 14. Qd5 Qc7 15.
Rad1 Rd8 16. Nd6 Bxd6 17. Qxd6 Qxd6 18. Rxd6 Re8 19. Rd5 f6 20. Rfd1 Nf8 21. a4
Bf5 22. R1d2 Ne6 23. b4 Nf4 24. Rc5 Nxe2+ 25. Rxe2 Red8 26. f3 Rd1+ 27. Kf2
Rad8 28. Bc3 Rc1 29. Be1 Rdd1 30. Rc7 Bd3 31. Re3 Bxc4 32. Rxb7 Rc2+ 33. Kg1
Be2 34. Kf2 Bb5+ 35. Kg3 Bxa4 36. f4 exf4+ 37. Kxf4 Rxg2 38. Ree7 Rd4+ 39. Ke3
Rd8 40. Kf4 h5 41. Rec7 Rg4+ 42. Kf5 Rd5+ 43. Ke6 Re5+ 0-1

[Event "Ct. Lleida indiv. Absolut B"]
[Site "?"]
[Date "2011.11.27"]
[Round "8.6"]
[White "Paul Cava, J."]
[Black "Sole Monistrol, F."]
[Result "1-0"]
[WhiteElo "1720"]
[BlackElo "1863"]
[PlyCount "77"]
[EventDate "2011.??.??"]
[EventType "swiss"]

1. d4 Nf6 2. c4 g6 3. Nc3 Bg7 4. e4 d6 5. Be2 a6 6. f4 e6 7. Nf3 O-O 8. O-O Nc6
9. h3 Nh5 10. Kh2 f5 11. e5 dxe5 12. dxe5 Bh6 13. g3 Qe7 14. a3 Bd7 15. Be3
Rad8 16. Qc2 Ng7 17. b4 Rfe8 18. g4 fxg4 19. hxg4 b6 20. Ne4 Rf8 21. Nf6+ Kh8
22. g5 Nf5 23. Bf2 Bg7 24. Rh1 Bc8 25. Kg2 Bxf6 26. gxf6 Qe8 27. Ng5 Rf7 28.
Nxf7+ Qxf7 29. Rad1 Rg8 30. Rh3 Bb7 31. Kf1 g5 32. Bh5 Qf8 33. Rd7 Nd8 34. Be8
h6 35. Rxd8 gxf4 36. Ke1 Bg2 37. Rh2 Rg5 38. Bf7 Qxd8 39. Qxf5 1-0

[Event "Ct. Lleida indiv. Absolut B"]
[Site "?"]
[Date "2011.11.27"]
[Round "8.8"]
[White "Anaya Ibars, G."]
[Black "Sole Castañe, J."]
[Result "0-1"]
[WhiteElo "1483"]
[BlackElo "1659"]
[PlyCount "106"]
[EventDate "2011.??.??"]
[EventType "swiss"]

1. c4 Nf6 2. Nc3 e6 3. e3 d5 4. Nf3 Nbd7 5. a3 Nb6 6. d4 dxc4 7. Ne5 Nfd5 8.
Nxc4 Nxc3 9. bxc3 Nd5 10. Bd2 c5 11. Qf3 Qf6 12. Qxf6 Nxf6 13. Rb1 Ne4 14. Bd3
Nxd2 15. Nxd2 cxd4 16. cxd4 b6 17. a4 Bd7 18. Bb5 Bxb5 19. Rxb5 Bd6 20. Ne4 Ke7
21. O-O Rac8 22. a5 bxa5 23. Rxa5 Rc7 24. Rfa1 Ra8 25. Ra6 Rd7 26. Nxd6 Rxd6
27. Rxa7+ Rxa7 28. Rxa7+ Kf6 29. g3 Rc6 30. Kg2 g5 31. Ra5 h6 32. d5 exd5 33.
Rxd5 Ke6 34. Rd4 f5 35. Rb4 h5 36. Rb5 Ra6 37. e4 fxe4 38. Rxg5 Ra2 39. Rg8 Kf7
40. Rg5 Kf6 41. Rxh5 e3 42. Kg1 e2 43. Rh6+ Kg7 44. Re6 Ra1+ 45. Kg2 e1=Q 46.
Rxe1 Rxe1 47. f4 Kg6 48. Kf3 Rh1 49. Kg2 Ra1 50. Kf3 Kh5 51. g4+ Kh4 52. f5
Rf1+ 53. Kg2 Rf4 {irreproduible} 0-1

[Event "Ct. Lleida indiv. Absolut B"]
[Site "?"]
[Date "2011.12.11"]
[Round "9.1"]
[White "Montoliu Daroca, I."]
[Black "Orrit Sole, G."]
[Result "0-1"]
[WhiteElo "1808"]
[BlackElo "1722"]
[PlyCount "62"]
[EventDate "2011.??.??"]
[EventType "swiss"]

1. c4 c5 2. Nc3 Nf6 3. g3 e6 4. Bg2 d5 5. cxd5 exd5 6. d4 cxd4 7. Qxd4 Nc6 8.
Qd1 d4 9. Ne4 Nxe4 10. Bxe4 Bc5 11. Qc2 Bb4+ 12. Kf1 Qf6 13. Nf3 Bh3+ 14. Kg1
Rc8 15. Bg5 Qe6 16. Bf4 h6 17. Qd3 Bc5 18. Bxc6+ bxc6 19. Be5 O-O 20. Bxd4 Rfd8
21. Qe3 Bxd4 22. Nxd4 Qc4 23. Nf3 Re8 24. Qd3 Qb4 25. b3 Rcd8 26. Qc2 Qb5 27.
e3 Qd5 28. Qe2 Re6 29. Re1 Rf6 30. e4 Qh5 31. Nh4 Qxe2 0-1

[Event "Ct. Lleida indiv. Absolut B"]
[Site "?"]
[Date "2011.12.11"]
[Round "9.2"]
[White "Pages Janer, J."]
[Black "Fortuny Profitos, J."]
[Result "1/2-1/2"]
[WhiteElo "1712"]
[BlackElo "1740"]
[PlyCount "107"]
[EventDate "2011.??.??"]
[EventType "swiss"]

1. e4 e5 2. Nf3 Nf6 3. Nxe5 d6 4. Nf3 Nxe4 5. d4 d5 6. Bd3 Nc6 7. O-O Be7 8. c4
Nb4 9. Re1 Nxd3 10. Qxd3 Bf5 11. Qb3 dxc4 12. Qb5+ Bd7 13. Qxc4 Nd6 14. Qb3 O-O
15. Nc3 Rb8 16. Bf4 Nf5 17. Nd5 Bd6 18. Bxd6 Nxd6 19. Ne7+ Kh8 20. Qd3 f6 21.
Re3 Bb5 22. Qb3 c6 23. a4 Ba6 24. Rae1 Nc8 25. Nxc6 Bc4 26. Qb4 a5 27. Nxd8
axb4 28. Re8 Kg8 29. Nh4 Nd6 30. Rxf8+ Kxf8 31. Ne6+ Bxe6 32. Rxe6 Re8 33.
Rxe8+ Kxe8 34. Kf1 Nc4 35. Nf5 Nxb2 36. Nd6+ Kd7 37. Nxb7 Nxa4 38. Na5 Nc3 39.
Ke1 Kd6 40. Kd2 Kd5 41. Kd3 f5 42. f3 g5 43. Nb3 h5 44. Nc5 Nb5 45. Nb3 g4 46.
fxg4 hxg4 47. h4 gxh3 48. gxh3 f4 49. h4 Nd6 50. Nc5 Nf5 51. Na6 Nxh4 52. Nxb4+
Kd6 53. Ke2 f3+ 54. Kf2 1/2-1/2

[Event "Ct. Lleida indiv. Absolut B"]
[Site "?"]
[Date "2011.12.11"]
[Round "9.3"]
[White "Ferrer Font, J."]
[Black "Semionovich, Z."]
[Result "0-1"]
[WhiteElo "1801"]
[BlackElo "1755"]
[PlyCount "82"]
[EventDate "2011.??.??"]
[EventType "swiss"]

1. e4 d5 2. exd5 Qxd5 3. Nc3 Qa5 4. d4 Nf6 5. Nf3 Ne4 6. Bd2 Nxd2 7. Qxd2 Bg4
8. Ne5 Bh5 9. Bc4 Nd7 10. Nxd7 Kxd7 11. O-O Rd8 12. Qf4 g5 13. Qe5 Qxe5 14.
dxe5 c6 15. Ne4 h6 16. Ng3 Bg6 17. Rad1+ Kc7 18. Rxd8 Kxd8 19. f4 gxf4 20. Rxf4
e6 21. Bd3 Bc5+ 22. Kf1 Bxd3+ 23. cxd3 Ke7 24. Nh5 Rd8 25. Ke2 Bd4 26. Re4 Rd5
27. Nf4 Rxe5 28. b3 Rxe4+ 29. dxe4 Be5 30. g3 Bxf4 31. gxf4 f6 32. e5 Kf7 33.
Ke3 Kg6 34. Kd4 b6 35. b4 Kf5 36. a4 fxe5+ 37. fxe5 Kf4 38. a5 h5 39. a6 h4 40.
h3 Kf5 41. Ke3 Kxe5 0-1

[Event "Ct. Lleida indiv. Absolut B"]
[Site "?"]
[Date "2011.12.11"]
[Round "9.4"]
[White "Cardona Marin, W."]
[Black "Fabrega Ramon, S."]
[Result "0-1"]
[WhiteElo "1876"]
[BlackElo "1753"]
[PlyCount "80"]
[EventDate "2011.??.??"]
[EventType "swiss"]

1. e4 c5 2. c3 d5 3. e5 Nc6 4. d4 c4 5. Qc2 e6 6. Nf3 f6 7. exf6 Nxf6 8. Bg5
Be7 9. Nbd2 a6 10. Be2 O-O 11. O-O Ng4 12. Bxe7 Qxe7 13. b4 e5 14. h3 exd4 15.
hxg4 Qxe2 16. Rfe1 Qd3 17. Qxd3 cxd3 18. Nxd4 Nxd4 19. cxd4 Bxg4 20. Re5 Rad8
21. f3 Bc8 22. Rae1 Kf7 23. R1e3 Rfe8 24. Rxd3 Rxe5 25. dxe5 Bf5 26. Rd4 Be6
27. Nc4 b5 28. Nd6+ Ke7 29. g4 Rd7 30. Kf2 Rc7 31. Rd2 d4 32. Nf5+ Bxf5 33.
gxf5 Rc4 34. Rb2 d3 35. Ke3 Rc2 36. Rxc2 dxc2 37. Kd2 h5 38. Kxc2 h4 39. Kd2 h3
40. Ke3 h2 0-1